Informality and the planning appeal by hearing method (Record no. 65402)
[ view plain ]
| 000 -LEADER | |
|---|---|
| fixed length control field | 01453cam a2200265 4500 |
| 001 - CONTROL NUMBER | |
| control field | ABS63208 |
| 008 - FIXED-LENGTH DATA ELEMENTS--GENERAL INFORMATION | |
| fixed length control field | 000000n2000 000 0 eng u |
| 035 ## - SYSTEM CONTROL NUMBER | |
| System control number | (Sirsi) u109551 |
| 100 ## - MAIN ENTRY--PERSONAL NAME | |
| Personal name | Stubbs, M |
| 245 ## - TITLE STATEMENT | |
| Title | Informality and the planning appeal by hearing method |
| 260 ## - PUBLICATION, DISTRIBUTION, ETC. | |
| Date of publication, distribution, etc. | 2000 |
| 490 ## - SERIES STATEMENT | |
| Series statement | Town Planning Review |
| Volume/sequential designation | 71(3) July 2000, 245-267(23) |
| 520 ## - SUMMARY, ETC. | |
| Summary, etc. | Review of user satisfaction with the informal hearing method of planning appeal, used as alternative to the public inquiry. Provides a background to the hearing method, outlining its use within dispute resolution, and considers the landmark decision in "Dyason v SoS Environment and Chiltern DC" which raised the notion that an informal hearing is not necessarily fair. Discusses research findings from a questionnaire survey sent to planning professionals: participants were asked to comment on their perception and experience of informal hearings. The research reveals a general approval of the hearing method, which dispels the notion that professionals are wary of informality. References. |
| 590 ## - LOCAL NOTE (RLIN) | |
| Local note | ABS |
| 650 ## - SUBJECT ADDED ENTRY--TOPICAL TERM | |
| Topical term or geographic name entry element | PLANNING APPEALS |
| 650 ## - SUBJECT ADDED ENTRY--TOPICAL TERM | |
| Topical term or geographic name entry element | PUBLIC INQUIRIES |
| 650 ## - SUBJECT ADDED ENTRY--TOPICAL TERM | |
| Topical term or geographic name entry element | INFORMAL HEARINGS |
| 650 ## - SUBJECT ADDED ENTRY--TOPICAL TERM | |
| Topical term or geographic name entry element | DYASON V SOS ENVIRONMENT AND ANOTHER |
| 650 ## - SUBJECT ADDED ENTRY--TOPICAL TERM | |
| Topical term or geographic name entry element | PLANNING CONSULTANTS |
| 650 ## - SUBJECT ADDED ENTRY--TOPICAL TERM | |
| Topical term or geographic name entry element | LOCAL AUTHORITIES |
| 650 ## - SUBJECT ADDED ENTRY--TOPICAL TERM | |
| Topical term or geographic name entry element | SURVEYS |
| 650 ## - SUBJECT ADDED ENTRY--TOPICAL TERM | |
| Topical term or geographic name entry element | PUBLIC OPINION |
| 690 ## - LOCAL SUBJECT ADDED ENTRY--TOPICAL TERM (OCLC, RLIN) | |
| Topical term or geographic name as entry element | ENVIRONMENTAL AND LAND CONSULTANCY-PLANNING AND DEVELOPMENT |
| 942 ## - ADDED ENTRY ELEMENTS (KOHA) | |
| Suppress in OPAC | 0 |
| Withdrawn status | Lost status | Source of classification or shelving scheme | Damaged status | Not for loan | Home library | Current library | Shelving location | Date acquired | Total Checkouts | Full call number | Barcode | Date last seen | Copy number | Price effective from | Koha item type |
|---|---|---|---|---|---|---|---|---|---|---|---|---|---|---|---|
| Dewey Decimal Classification | London | London | Journal article | 29/11/2000 | ABS63208 | 109551-1001 | 06/08/2019 | 1 | 06/08/2019 | Journal article |